Manual de filosofía del derecho

Enregistré dans:
Détails bibliographiques
Auteur principal: Hübner Gallo, Jorge Iván (autor)
Format: Livre
Langue:espagnol
Publié: Santiago Jurídica de Chile 1954
Collection:Manuales Jurídicos, 54
Sujets:
Tags: Ajouter un tag
Pas de tags, Soyez le premier à ajouter un tag!

MARC

LEADER 00000nam a2200000 a 4500
001 UCT8934
003 CL-VaPUC
008 970326e19540000CL |||||||||||||||||spa|d
082 0 4 |a 340.1  |b HUB  |2 21 
100 |a Hübner Gallo, Jorge Iván  |e autor  |9 381209 
245 1 0 |a Manual de filosofía del derecho 
300 |a 277 p 
942 |c BK 
945 |d 19970326 00:00:00  |a lriquelm 
260 |a Santiago  |b Jurídica de Chile  |c 1954 
650 0 |a Filosofía del derecho   |9 255050 
650 0 |a Sociedad  |9 307903 
650 7 |a DERECHO  |2 CL-VaPUC  |9 381206 
650 7 |a INDIVIDUOS  |2 CL-VaPUC  |9 349612 
650 0 |a Historia del derecho  |9 255109 
650 7 |a GNOSEOLOGIA JURIDICA  |2 CL-VaPUC  |9 381207 
650 0 |a Ontología jurídica   |9 381208 
650 0 |a Ética  |9 255099 
650 0 |a Derecho natural   |9 255041 
650 0 |a Teoría del Estado  |9 255507 
583 |a last modification  |c 19970326 00:00:00  |k Rodrigo Vera 
490 0 |a Manuales Jurídicos, 54 
999 |c 257406  |d 257404 
952 |0 0  |1 0  |4 0  |6 340_100000000000000_HUB_1954  |7 0  |8 P  |9 280845  |a BIBDER  |b BIBDER  |d 2019-11-19  |i 1954768  |o 340.1 HUB 1954  |p 1954768  |r 2023-01-25  |w 2019-11-19  |y BK  |k DER